Managerial economics applied microeconomics for decision making /

Uložené v:
Podrobná bibliografia
Hlavný autor: Maurice, S. Charles
Ďalší autori: Smithson, C. W. (Charles W.)
Médium: Kniha
Jazyk:English
Vydavateľské údaje: Homewood, Ill. IRWIN 1988.
Vydanie:3rd ed.
Edícia:Irwin publications in economics
Predmet:
On-line prístup:View in OPAC
Tagy: Pridať tag
Žiadne tagy, Buďte prvý, kto otaguje tento záznam!

MARC

LEADER 00000nam a2200000 a 4500
005 20260127134413.0
008 090216s1988 ilua b 001 0 eng
010 |a 87-081579 
020 |a 0256059144 
035 |a vtls009473132 
039 9 |a 200902160933  |b mschk03  |y 200902160929  |z mschk03 
040 |a DLC  |c DLC  |d DLC  |d STUSCHK1 
082 0 0 |a 338.5/024658  |2 19 
100 1 |a Maurice, S. Charles. 
245 1 0 |a Managerial economics  |b applied microeconomics for decision making /  |c S. Charles Maurice, Charles W. Smithson. 
250 |a 3rd ed. 
260 |a Homewood, Ill.  |b IRWIN  |c 1988. 
300 |a xviii, 662 p.  |b col. ill.  |c 25 cm. 
440 0 |a Irwin publications in economics 
504 |a Includes bibliographies and index. 
650 0 |a Managerial economics. 
700 1 |a Smithson, C. W.  |q (Charles W.) 
906 |a 7  |b cbc  |c orignew  |d 3  |e opcn  |f 19  |g y-gencatlg 
910 |a SCHK95 
919 |a 0-256-05914-4 
922 |a adco 
991 |b c-GenColl  |h HD30.22  |i .M39 1988  |t Copy 1  |w BOOKS 
999 |c 11922  |d 11922